000 00244nam a2200097Ia 4500
008 220204s9999 xx 000 0 und d
082 _a33:631.96(540)
_bPLA
245 0 _aPlantations in Indian economy
260 _aIndia
_bUPASI
_c1955
942 _cBK
999 _c22325
_d22325